| 000 | 01041cam a2200301 i 4500 | ||
|---|---|---|---|
| 001 | 21237 | ||
| 003 | Mx-PuUPA | ||
| 005 | 20260105103820.0 | ||
| 008 | 140415s1980 mx gr 000 0 spa d | ||
| 020 | _a9681304411 | ||
| 040 |
_aMx-PuUPA _bspa _cMx-PuUPA _dMx-PuUPA _erda |
||
| 041 | 1 |
_aspa _heng |
|
| 100 | 1 |
_aBenjamin, Alfred, _eautor |
|
| 240 | 1 | 4 |
_aThe helping interview. _lEspañol |
| 245 | 1 | 0 |
_aInstructivo del entrevistador / _cAlfred Benjamin ; traductor, Jaime Vázquez Vázquez |
| 250 |
_aPrimera edición / _benero |
||
| 264 | 1 |
_aMéxico, D.F. : _bEditorial Diana, _c©1980 |
|
| 300 |
_a207 páginas ; _c22 cm |
||
| 336 |
_2rdacontent _atexto _btxt |
||
| 337 |
_2rdamedia _asin medio _bn |
||
| 338 |
_2rdacarrier _avolumen _bnc |
||
| 650 | 1 | 7 |
_2armarc _aEntrevistas |
| 700 | 1 |
_aVázquez Vázquez, Jaime, _etraductor |
|
| 765 | 0 |
_aBenjamin, Alfred, _dU.S.A. : Houghton Mifflin Company, ©1974 _tThe helping interview |
|
| 942 |
_2ddc _cLI _h158.39 _iB4518 |
||
| 999 |
_c21237 _d21237 |
||